[Event "9th EUROPEAN  INDIVIDUAL  WOME"]
[Site "Plovdiv, Bulgaria"]
[Date "2008.04.25"]
[Round "5"]
[Board "1"]
[White "Popova, Natalija"]
[Black "Voiska, Margarita"]
[Result "0-1"]
[WhiteElo "2239"]
[BlackElo "2339"]
[PlyCount "114"]
[EventDate "2008.04.21"]
[EventRounds "11"]
[EventCountry "BUL"]

1.e4 c5 2.Nf3 Nc6 3.Nc3 d6 4.d4 cxd4 5.Nxd4 e5 6.Nb3 Be6 7.Be2 Be7 8.O-O Nf6
9.Be3 O-O 10.Kh1 a6 11.f4 exf4 12.Rxf4 Nd7 13.Rf1 Nde5 14.Nd5 Bxd5 15.exd5 Nb8
16.Nd4 g6 17.Qd2 Nbd7 18.Rae1 Rc8 19.c3 Bh4 20.Rd1 Re8 21.Bh6 Bf6 22.Qf4 Bg7
23.Rde1 Nb6 24.Bxg7 Kxg7 25.Nf3 Nxf3 26.Rxf3 f6 27.Rh3 Rc7 28.Qh4 Kg8 29.Bf1
Rxe1 30.Qxe1 Re7 31.Re3 Re5 32.c4 Nd7 33.Rxe5 fxe5 34.Qe3 Qb6 35.Qxb6 Nxb6 36.b4
Kg7 37.Kg1 Kf6 38.Kf2 e4 39.Ke3 Ke5 40.g3 Na4 41.a3 b6 42.c5 bxc5 43.Bxa6 Nb6
44.bxc5 Nxd5+ 45.Ke2 dxc5 46.a4 Kd4 47.a5 c4 48.Bb5 e3 49.Ke1 c3 50.Kd1 Nb4
51.Ba4 g5 52.Ke2 Ke4 53.a6 Nxa6 54.Bc2+ Kd4 55.Bxh7 g4 56.Bf5 Nb4 57.Kd1 Nd3

[Event "9th EUROPEAN  INDIVIDUAL  WOME"]
[Site "Plovdiv, Bulgaria"]
[Date "2008.04.25"]
[Round "5"]
[Board "1"]
[White "Gara, Anita"]
[Black "Rogule, Laura"]
[Result "1-0"]
[WhiteElo "2331"]
[BlackElo "2255"]
[PlyCount "57"]
[EventDate "2008.04.21"]
[EventRounds "11"]
[EventCountry "BUL"]

1.e4 c5 2.b3 Nc6 3.Bb2 Nf6 4.e5 Nd5 5.Nf3 Nf4 6.g3 Ne6 7.Bg2 g6 8.c3 Bg7 9.d4
cxd4 10.cxd4 d5 11.O-O b6 12.Nc3 Ba6 13.Re1 Rc8 14.Qd2 h5 15.Ba3 Bh6 16.Qb2 O-O
17.Rad1 Qd7 18.Nh4 Rfd8 19.Nxd5 Bf8 20.Qa1 Ncxd4 21.Rxd4 Nxd4 22.Qxd4 Bb7 23.e6
fxe6 24.Bb2 e5 25.Qe4 Bxd5 26.Qxg6+ Bg7 27.Bxd5+ Qxd5 28.Nf5 Qf7 29.Nh6+

[Event "9th EUROPEAN  INDIVIDUAL  WOME"]
[Site "Plovdiv, Bulgaria"]
[Date "2008.04.25"]
[Round "5"]
[Board "1"]
[White "Sandu, Mihaela"]
[Black "Nikolova, Adriana"]
[Result "1-0"]
[WhiteElo "2325"]
[BlackElo "2219"]
[PlyCount "69"]
[EventDate "2008.04.21"]
[EventRounds "11"]
[EventCountry "BUL"]

1.e4 c5 2.Nc3 d6 3.f4 g6 4.Nf3 Bg7 5.Bc4 e6 6.O-O a6 7.a4 Ne7 8.f5 exf5 9.d3 h6
10.exf5 d5 11.Nxd5 Nxd5 12.Qe1+ Kf8 13.fxg6 Nc6 14.gxf7 Nde7 15.Bd2 Nd4 16.Nxd4
Bxd4+ 17.Kh1 Bd7 18.Qg3 Bg7 19.Bc3 Rh7 20.Rae1 b5 21.Bf6 bxc4 22.Bxe7+ Qxe7
23.Rxe7 Kxe7 24.Qh4+ Kd6 25.Qf4+ Be5 26.f8=Q+ Rxf8 27.Qxf8+ Kc6 28.dxc4 Rh8
29.Qf3+ Kc7 30.Qd5 Re8 31.Qxc5+ Kb7 32.Re1 Bc7 33.Qd5+ Bc6 34.Rxe8 Bxd5 35.cxd5

[Event "9th EUROPEAN  INDIVIDUAL  WOME"]
[Site "Plovdiv, Bulgaria"]
[Date "2008.04.25"]
[Round "5"]
[Board "1"]
[White "Kursova, Maria"]
[Black "Vojinovic, Jovana"]
[Result "0-1"]
[WhiteElo "2322"]
[BlackElo "2217"]
[PlyCount "83"]
[EventDate "2008.04.21"]
[EventRounds "11"]
[EventCountry "BUL"]

1.d4 Nf6 2.Nf3 d6 3.c4 Nbd7 4.Nc3 e5 5.e4 c6 6.Be3 Be7 7.Be2 O-O 8.O-O Re8 9.d5
a6 10.b4 Ng4 11.Bd2 c5 12.a3 Qc7 13.Ne1 Ngf6 14.Qb3 h6 15.Nd3 b6 16.Rab1 Nh7
17.bxc5 bxc5 18.Na4 Bg5 19.Bc3 Rf8 20.Qc2 Rb8 21.Rxb8 Nxb8 22.Rb1 Nd7 23.Qb2
Nhf6 24.Bf3 Ne8 25.Nc1 f5 26.exf5 Rxf5 27.Bg4 Rf4 28.Be6+ Kh8 29.Qb3 Rf8 30.Ne2
Ndf6 31.Bxc8 Qxc8 32.Ng3 Qd7 33.Be1 Bh4 34.Nc3 Qg4 35.f3 Qg6 36.Nce4 h5 37.Nf1
Bxe1 38.Rxe1 Nxe4 39.Rxe4 Nf6 40.Re3 h4 41.h3 Nh5 42.Kf2

[Event "9th EUROPEAN  INDIVIDUAL  WOME"]
[Site "Plovdiv, Bulgaria"]
[Date "2008.04.25"]
[Round "5"]
[Board "1"]
[White "Kochetkova, Julia"]
[Black "Sarakauskiene, Zivile"]
[Result "1-0"]
[WhiteElo "2316"]
[BlackElo "2198"]
[PlyCount "49"]
[EventDate "2008.04.21"]
[EventRounds "11"]
[EventCountry "BUL"]

1.e4 c5 2.Nf3 e6 3.c3 Nf6 4.Bd3 Nc6 5.Bc2 Be7 6.O-O O-O 7.e5 Nd5 8.d4 cxd4
9.cxd4 Ncb4 10.Bb3 d6 11.Nc3 Bd7 12.a3 Nxc3 13.bxc3 Nc6 14.exd6 Bxd6 15.Bc2 Qa5
16.Ng5 g6 17.Ne4 Be7 18.Rb1 Qc7 19.Bh6 Rfd8 20.Qd2 Na5 21.Bf4 e5 22.Bxe5 Qc6
23.d5 Qa6 24.Bd3 b5 25.d6

[Event "9th EUROPEAN  INDIVIDUAL  WOME"]
[Site "Plovdiv, Bulgaria"]
[Date "2008.04.25"]
[Round "5"]
[Board "1"]
[White "Isgandarova, Khayala"]
[Black "Petrenko, Svetlana"]
[Result "1-0"]
[WhiteElo "2193"]
[BlackElo "2314"]
[PlyCount "119"]
[EventDate "2008.04.21"]
[EventRounds "11"]
[EventCountry "BUL"]

1.e4 c5 2.Nc3 Nc6 3.g3 e6 4.Bg2 Nf6 5.d3 Be7 6.f4 d5 7.e5 Nd7 8.Nf3 b5 9.O-O b4
10.Ne2 a5 11.g4 O-O 12.Ng3 f6 13.exf6 Nxf6 14.g5 Ne8 15.Qe2 g6 16.h4 Ng7 17.Ne5
Nxe5 18.fxe5 Rxf1+ 19.Bxf1 Ba6 20.Qg4 Qc7 21.Bf4 Rf8 22.Bg2 Qa7 23.Re1 a4 24.Kh2
b3 25.axb3 axb3 26.c4 dxc4 27.Be4 cxd3 28.h5 c4 29.Be3 Bc5 30.hxg6 Bxe3 31.Qh4
Nf5 32.Nxf5 exf5 33.Bd5+ Kh8 34.Rxe3 Qg7 35.Bf7 f4 36.Rh3 Rxf7 37.gxf7 Qxf7
38.g6 Qxg6 39.Qd8+ Kg7 40.Qe7+ Kg8 41.Qd8+ Kg7 42.Qd7+ Kg8 43.e6 Qf5 44.Qd8+ Kg7
45.Qc7+ Kg8 46.Qb8+ Qf8 47.Qa7 h6 48.Qxa6 Qf6 49.Qc8+ Kg7 50.Rh5 f3 51.Qd7+ Kg8
52.Qf7+ Qxf7 53.exf7+ Kxf7 54.Kg3 c3 55.bxc3 b2 56.Rh1 Ke6 57.Kxf3 Kd5 58.Ke3
Kc4 59.Kd2 h5 60.Rb1

[Event "9th EUROPEAN  INDIVIDUAL  WOME"]
[Site "Plovdiv, Bulgaria"]
[Date "2008.04.25"]
[Round "5"]
[Board "1"]
[White "Sharevich, Anna"]
[Black "Bogumil, Tatiana"]
[Result "1/2-1/2"]
[WhiteElo "2311"]
[BlackElo "2194"]
[PlyCount "186"]
[EventDate "2008.04.21"]
[EventRounds "11"]
[EventCountry "BUL"]

1.d4 Nf6 2.c4 c5 3.d5 b5 4.cxb5 a6 5.b6 d6 6.Nc3 Nbd7 7.Nf3 g6 8.e4 Bg7 9.Be2
O-O 10.O-O Qxb6 11.h3 Rb8 12.Nd2 Qc7 13.a4 Rb4 14.a5 c4 15.Ra4 Rb8 16.Qc2 Nc5
17.Ra3 Nb3 18.Nxc4 Nd4 19.Qd1 Nb5 20.Nxb5 axb5 21.Nb6 b4 22.Ra4 Nd7 23.Be3 Bxb2
24.Rxb4 Ba3 25.Rc4 Bc5 26.Nxd7 Bxd7 27.Bxc5 dxc5 28.Qc2 Qxa5 29.Rxc5 Qa3 30.Rc3
Qb4 31.Rc4 Qa3 32.Rc3 Qb4 33.Rc1 Rfc8 34.Rc4 Rxc4 35.Qxc4 Qxc4 36.Rxc4 Bb5
37.Rc2 Bxe2 38.Rxe2 Ra8 39.f4 Ra1+ 40.Kf2 Rd1 41.Ke3 f5 42.exf5 Rxd5 43.fxg6
hxg6 44.Kf3 Kf7 45.Re5 Rd2 46.g3 Kf6 47.Kg4 Rd3 48.h4 Ra3 49.h5 gxh5+ 50.Rxh5 e6
51.Rb5 Ra1 52.Kf3 Ra3+ 53.Kg2 Ra2+ 54.Kh3 Rf2 55.Re5 Rf3 56.Kg2 Ra3 57.g4 Rb3
58.g5+ Kf7 59.Kf2 Ra3 60.Re3 Ra6 61.Kf3 Ra1 62.Kg4 Rg1+ 63.Rg3 Rh1 64.Re3 Rg1+
65.Kf3 Ra1 66.Re2 Ra3+ 67.Kg4 Ra1 68.Re3 Rg1+ 69.Kf3 Ra1 70.Rb3 Rd1 71.Ke4 Re1+
72.Re3 Ra1 73.Rh3 Re1+ 74.Kf3 Rf1+ 75.Ke3 Re1+ 76.Kf2 Re4 77.Kf3 Re1 78.Rh7+ Kg6
79.Rh6+ Kf7 80.Rf6+ Kg7 81.Kf2 Re4 82.Kg3 Re1 83.Kf3 Kg8 84.Rh6 Kg7 85.Rh2 Ra1
86.Ke4 Re1+ 87.Kd4 Rd1+ 88.Ke5 Re1+ 89.Kd4 Rd1+ 90.Ke3 Re1+ 91.Re2 Ra1 92.Ke4
Kf7 93.Rh2 Re1+

[Event "9th EUROPEAN  INDIVIDUAL  WOME"]
[Site "Plovdiv, Bulgaria"]
[Date "2008.04.25"]
[Round "5"]
[Board "1"]
[White "Paulet, Iozefina"]
[Black "Cherednichenko, Elena"]
[Result "1/2-1/2"]
[WhiteElo "2308"]
[BlackElo "2155"]
[PlyCount "115"]
[EventDate "2008.04.21"]
[EventRounds "11"]
[EventCountry "BUL"]

1.f4 d5 2.b3 Nf6 3.Bb2 e6 4.Nf3 Bd6 5.e3 O-O 6.Be2 c5 7.O-O Nc6 8.c4 b6 9.Ne5
Bb7 10.d3 Be7 11.Nd2 Nd7 12.cxd5 exd5 13.Nxc6 Bxc6 14.e4 dxe4 15.dxe4 Nf6 16.Qc2
Qc8 17.Rae1 Re8 18.Bd3 h6 19.Nc4 Rd8 20.Rf3 b5 21.Ne5 Be8 22.Qc3 Bf8 23.Bb1 Qb7
24.Rh3 c4 25.b4 Qb6+ 26.Kh1 Qd6 27.a3 Qd2 28.Nf3 Qxc3 29.Bxc3 Be7 30.Nd4 Bd7
31.Rf3 Rac8 32.h3 a6 33.g4 Ne8 34.Rg1 a5 35.Nf5 Bf8 36.Rfg3 axb4 37.axb4 g6
38.Nd4 Bg7 39.e5 Nc7 40.Re1 Nd5 41.f5 Nxc3 42.Rxc3 Be8 43.Nc2 Rd3 44.Ra3 Bc6+
45.Kg1 Rxa3 46.Nxa3 Re8 47.e6 fxe6 48.Rxe6 Rxe6 49.fxe6 g5 50.Bg6 Kf8 51.Kf2 Ke7
52.Bf5 Bc3 53.Nc2 Bd5 54.Ke3 Kd6 55.Na3 Bc6 56.Nc2 Bd5 57.Na3 Bc6 58.Nc2

[Event "9th EUROPEAN  INDIVIDUAL  WOME"]
[Site "Plovdiv, Bulgaria"]
[Date "2008.04.25"]
[Round "5"]
[Board "1"]
[White "Danelia, Mariam"]
[Black "Djingarova, Emilia"]
[Result "1/2-1/2"]
[WhiteElo "2129"]
[BlackElo "2301"]
[PlyCount "24"]
[EventDate "2008.04.21"]
[EventRounds "11"]
[EventCountry "BUL"]

1.d4 Nf6 2.c4 e6 3.Nc3 Bb4 4.Qc2 c5 5.dxc5 O-O 6.Bg5 Na6 7.a3 Bxc3+ 8.Qxc3 Nxc5
9.Bxf6 Qxf6 10.Qxf6 gxf6 11.b4 Ne4 12.f3 Nd6

[Event "9th EUROPEAN  INDIVIDUAL  WOME"]
[Site "Plovdiv, Bulgaria"]
[Date "2008.04.25"]
[Round "5"]
[Board "1"]
[White "Ni, Viktorija"]
[Black "Voicu, Carmen"]
[Result "0-1"]
[WhiteElo "2120"]
[BlackElo "2290"]
[PlyCount "66"]
[EventDate "2008.04.21"]
[EventRounds "11"]
[EventCountry "BUL"]

1.d4 d5 2.c4 e6 3.Nc3 Be7 4.e3 Nf6 5.Bd3 O-O 6.Nf3 b6 7.O-O dxc4 8.Bxc4 Bb7
9.Qe2 c5 10.Rd1 Nbd7 11.Ne5 Qe8 12.Bd2 a6 13.a4 Nxe5 14.dxe5 Qc6 15.f3 Nd5
16.Na2 Rfd8 17.e4 Nb4 18.Nxb4 cxb4 19.Be3 Rxd1+ 20.Rxd1 Qxa4 21.Bxb6 Qc6 22.Bf2
h6 23.h3 Rd8 24.b3 a5 25.Rxd8+ Bxd8 26.Kh2 Bc7 27.Bg3 Qc5 28.Qd3 Bc6 29.f4 Bb6
30.h4 Qg1+ 31.Kh3 Qh1+ 32.Kg4 Qxg2 33.Qf3 h5+

[Event "9th EUROPEAN  INDIVIDUAL  WOME"]
[Site "Plovdiv, Bulgaria"]
[Date "2008.04.25"]
[Round "5"]
[Board "1"]
[White "Srebrnic, Ana"]
[Black "Minina, Veronika"]
[Result "1/2-1/2"]
[WhiteElo "2283"]
[BlackElo "2148"]
[PlyCount "113"]
[EventDate "2008.04.21"]
[EventRounds "11"]
[EventCountry "BUL"]

1.d4 Nf6 2.c4 g6 3.Nc3 Bg7 4.e4 d6 5.Be2 O-O 6.Bg5 a6 7.Qd2 c5 8.d5 b5 9.cxb5
axb5 10.Bxb5 Ba6 11.Bxa6 Nxa6 12.Nge2 Qa5 13.O-O Rfb8 14.f3 Rb7 15.a4 Nc7 16.Qc2
Kf8 17.Bd2 Qa7 18.Ra3 Nd7 19.Nb5 Qb8 20.Nec3 Nb6 21.Nxc7 Qxc7 22.b3 Nc8 23.Ne2
Qb8 24.Bc3 Bxc3 25.Qxc3 Kg8 26.h4 Ra6 27.h5 Rab6 28.h6 f6 29.Nc1 Rb4 30.Kh1 Na7
31.Rf2 Qf8 32.Qe3 g5 33.g4 Qxh6+ 34.Rh2 Qg6 35.Ne2 Nc8 36.a5 Na7 37.a6 Rb8
38.Ng3 Nb5 39.Nf5 Qe8 40.a7 Ra8 41.Ra4 Rxa4 42.bxa4 Nd4 43.Nxd4 cxd4 44.Qxd4 Qd7
45.a5 Rxa7 46.Ra2 h5 47.Qb6 hxg4 48.fxg4 Rb7 49.Qc6 Rb1+ 50.Kh2 Qa7 51.Rg2 Kf7
52.Qc2 Ra1 53.e5 dxe5 54.Qh7+ Kf8 55.Qh8+ Kf7 56.Qh7+ Kf8 57.Qh8+

[Event "9th EUROPEAN  INDIVIDUAL  WOME"]
[Site "Plovdiv, Bulgaria"]
[Date "2008.04.25"]
[Round "5"]
[Board "1"]
[White "Bednikova, Stefi"]
[Black "Mamedjarova, Turkan"]
[Result "1/2-1/2"]
[WhiteElo "2086"]
[BlackElo "2271"]
[PlyCount "75"]
[EventDate "2008.04.21"]
[EventRounds "11"]
[EventCountry "BUL"]

1.e4 e5 2.Nf3 Nf6 3.Nxe5 d6 4.Nf3 Nxe4 5.Qe2 Qe7 6.d3 Nf6 7.Bg5 Qxe2+ 8.Bxe2 Be7
9.Nc3 h6 10.Bh4 g5 11.Bg3 a6 12.O-O-O O-O 13.Rhe1 Nc6 14.h3 Be6 15.d4 Nb4 16.a3
Nbd5 17.Nxd5 Nxd5 18.c4 Nb6 19.Bd3 Bf6 20.b3 a5 21.a4 Rac8 22.d5 Bd7 23.Bc2 Rfe8
24.Rxe8+ Rxe8 25.Nd4 h5 26.f3 h4 27.Bf2 Nc8 28.Be4 Ne7 29.Nb5 Bxb5 30.axb5 b6
31.g3 hxg3 32.Bxg3 Bg7 33.Rg1 Ng6 34.Bxg6 fxg6 35.h4 Bh6 36.hxg5 Bxg5+ 37.f4 Bf6
{....} 38.Kd2

[Event "9th EUROPEAN  INDIVIDUAL  WOME"]
[Site "Plovdiv, Bulgaria"]
[Date "2008.04.25"]
[Round "5"]
[Board "1"]
[White "Collas, Silvia"]
[Black "Skinke, Katrina"]
[Result "1-0"]
[WhiteElo "2395"]
[BlackElo "2204"]
[PlyCount "49"]
[EventDate "2008.04.21"]
[EventRounds "11"]
[EventCountry "BUL"]

1.e4 d6 2.d4 Nf6 3.Nc3 g6 4.h3 Bg7 5.Be3 c6 6.Nf3 O-O 7.Qd2 Nbd7 8.Bd3 e5 9.dxe5
dxe5 10.Ne2 Qe7 11.Qc3 Rd8 12.O-O Ne8 13.Rfd1 Nc7 14.b4 Ne6 15.Bc4 b6 16.a4 a5
17.Bxe6 Qxe6 18.Bxb6 Ba6 19.Bxd8 Bxe2 20.Rd2 Bxf3 21.Qxf3 Rxd8 22.Rad1 Bf8
23.bxa5 Bb4 24.c3 Bxa5 25.Qg4

[Event "9th EUROPEAN  INDIVIDUAL  WOME"]
[Site "Plovdiv, Bulgaria"]
[Date "2008.04.25"]
[Round "5"]
[Board "1"]
[White "Jelica, Mara"]
[Black "Fakhiridou, Ekaterini"]
[Result "1/2-1/2"]
[WhiteElo "2206"]
[BlackElo "2292"]
[PlyCount "141"]
[EventDate "2008.04.21"]
[EventRounds "11"]
[EventCountry "BUL"]

1.e4 d5 2.exd5 Nf6 3.d4 Nxd5 4.Nf3 g6 5.Be2 Bg7 6.O-O O-O 7.c4 Nb6 8.h3 Nc6 9.d5
Na5 10.Na3 c5 11.Bd2 Nd7 12.Rb1 b6 13.Nb5 Nf6 14.Bf4 Bd7 15.Nc3 Nb7 16.Ne5 Nd6
17.Bd3 a6 18.Re1 Re8 19.Qf3 Rc8 20.g4 b5 21.b3 b4 22.Ne2 a5 23.Ng3 Rf8 24.Qe3
Rc7 25.Bh6 Nfe8 26.Bxg7 Kxg7 27.Bc2 f6 28.Nd3 Qc8 29.Qxe7+ Nf7 30.Qe3 Ned6
31.Qf4 Qd8 32.Re3 a4 33.Rbe1 axb3 34.axb3 Bc8 35.h4 Kg8 36.Rf3 g5 37.Qxf6 Bxg4
38.Qxd8 Rxd8 39.Rfe3 gxh4 40.Ne4 Nxe4 41.Rxe4 Bf5 42.Rxh4 Ng5 43.Re3 Ra8 44.Nxb4
Ra1+ 45.Kg2 Bh3+ 46.Kh2 cxb4 47.f4 Ra2 48.fxg5 Bf5 49.Rf4 Rxc2+ 50.Kg3 Bg6 51.d6
Rd7 52.Rf6 Rd2 53.Ree6 Bf7 54.Re7 Rxe7 55.dxe7 Rd3+ 56.Kf4 Rd7 57.Rb6 Rxe7
58.Rxb4 Bg6 59.c5 Kf7 60.Rd4 Re1 61.b4 Rc1 62.Ke5 Ke7 63.Kd5 Kd7 64.b5 Rg1
65.Kc4+ Kc8 66.Kd5 Be8 67.c6 Rxg5+ 68.Kd6 Rxb5 69.Ra4 h5 70.Ra8+ Rb8 71.Ra7

[Event "9th EUROPEAN  INDIVIDUAL  WOME"]
[Site "Plovdiv, Bulgaria"]
[Date "2008.04.25"]
[Round "5"]
[Board "1"]
[White "Komiagina, Maria"]
[Black "Hairapetian, Anna"]
[Result "1-0"]
[WhiteElo "2285"]
[BlackElo "2115"]
[PlyCount "53"]
[EventDate "2008.04.21"]
[EventRounds "11"]
[EventCountry "BUL"]

1.e4 e5 2.Nf3 Nc6 3.d4 exd4 4.Bc4 d6 5.Nxd4 Nxd4 6.Qxd4 Be6 7.O-O Nf6 8.Re1 Bxc4
9.Qxc4 Be7 10.Qb5+ Qd7 11.Qxb7 O-O 12.Nc3 Rab8 13.Qa6 c6 14.Qd3 Qe6 15.b3 Ng4
16.Bd2 Bh4 17.Rf1 Qe5 18.Qh3 Qh5 19.g3 Ne5 20.f4 Nf3+ 21.Rxf3 Qxf3 22.Qxh4 g6
23.Rf1 Qh5 24.Qf6 Rfe8 25.f5 Rbd8 26.Be3 c5 27.Nd5

[Event "9th EUROPEAN  INDIVIDUAL  WOME"]
[Site "Plovdiv, Bulgaria"]
[Date "2008.04.25"]
[Round "5"]
[Board "1"]
[White "Makka, Ioulia"]
[Black "Ionica, Iulia Ionela"]
[Result "1/2-1/2"]
[WhiteElo "2204"]
[BlackElo "2278"]
[PlyCount "30"]
[EventDate "2008.04.21"]
[EventRounds "11"]
[EventCountry "BUL"]

1.e4 c5 2.Nf3 e6 3.Qe2 Nc6 4.g3 Nge7 5.Bg2 d5 6.d3 g6 7.O-O Bg7 8.e5 h6 9.c4 Nf5
10.Be3 Nxe3 11.Qxe3 d4 12.Qe2 Qc7 13.Re1 Rb8 14.Nbd2 O-O 15.h4 b6

[Event "9th EUROPEAN  INDIVIDUAL  WOME"]
[Site "Plovdiv, Bulgaria"]
[Date "2008.04.25"]
[Round "5"]
[Board "1"]
[White "Calzetta, Monica"]
[Black "Pavlidou, Ekaterini"]
[Result "1-0"]
[WhiteElo "2264"]
[BlackElo "1978"]
[PlyCount "59"]
[EventDate "2008.04.21"]
[EventRounds "11"]
[EventCountry "BUL"]

1.e4 c5 2.Nf3 e6 3.d4 cxd4 4.Nxd4 Nf6 5.Nc3 Nc6 6.Ndb5 Bb4 7.a3 Bxc3+ 8.Nxc3 d5
9.Bd3 d4 10.Ne2 e5 11.h3 O-O 12.O-O Re8 13.Ng3 Be6 14.f4 exf4 15.Bxf4 Nd7 16.Qh5
g6 17.Qh6 Qf6 18.Bg5 Qg7 19.Qh4 Nce5 20.Bh6 Qh8 {Diagram #} 21.Nf5 Bxf5 22.exf5
Nxd3 23.cxd3 Qe5 24.fxg6 hxg6 25.Rf4 Qe3+ 26.Kh1 Qxd3 27.Rxd4 Qf5 {Diagram #}
28.Rxd7 Re4 29.Rd8+ Kh7 30.Bf4+

[Event "9th EUROPEAN  INDIVIDUAL  WOME"]
[Site "Plovdiv, Bulgaria"]
[Date "2008.04.25"]
[Round "5"]
[Board "1"]
[White "Papadopoulou, Vera"]
[Black "Ohme, Melanie"]
[Result "1-0"]
[WhiteElo "2199"]
[BlackElo "2248"]
[PlyCount "99"]
[EventDate "2008.04.21"]
[EventRounds "11"]
[EventCountry "BUL"]

1.d4 Nf6 2.c4 g6 3.Nc3 Bg7 4.e4 d6 5.Be2 O-O 6.Bg5 c5 7.d5 e6 8.Qd2 exd5 9.exd5
Re8 10.Nf3 Bg4 11.O-O a6 12.a4 Nbd7 13.h3 Bxf3 14.Bxf3 Qe7 15.Rae1 Qf8 16.Rxe8
Rxe8 17.Re1 h5 18.Bf4 Rxe1+ 19.Qxe1 Ne8 20.Kf1 Be5 21.Bd2 Ng7 22.Be4 Qd8 23.Bc2
g5 24.Ne4 g4 25.Ng5 gxh3 26.Nxh3 Bxb2 27.Qe4 f5 28.Qd3 Bd4 29.Bg5 Qa5 30.Bd2 Qb6
31.Bh6 Ne5 32.Qg3 Ng4 33.Bxg7 Bxg7 34.Qf4 Qb4 35.Qxf5 Qxc4+ 36.Kg1 Qe2 37.g3 Nf6
38.Ng5 Qe1+ 39.Kg2 Qe5 40.Qc8+ Ne8 41.Bh7+ Kf8 42.Ne6+ Kf7 43.Qxb7+ Kf6 44.Bg8
Qe4+ 45.Kh2 Qg6 46.Nf4 Qe4 47.Qf7+ Kg5 48.Qxh5+ Kf6 49.Qf7+ Kg5 50.Ne6+

[Event "9th EUROPEAN  INDIVIDUAL  WOME"]
[Site "Plovdiv, Bulgaria"]
[Date "2008.04.25"]
[Round "5"]
[Board "1"]
[White "Gavasheli, Ana"]
[Black "Umudova, Nargiz"]
[Result "0-1"]
[WhiteElo "2191"]
[BlackElo "2222"]
[PlyCount "94"]
[EventDate "2008.04.21"]
[EventRounds "11"]
[EventCountry "BUL"]

1.c4 g6 2.g3 Bg7 3.Bg2 e5 4.Nc3 d6 5.d3 f5 6.Nf3 Nf6 7.O-O O-O 8.Rb1 a5 9.Bd2
Nc6 10.a3 h6 11.Ne1 g5 12.f4 exf4 13.gxf4 g4 14.Nd5 h5 15.Nc2 h4 16.Nxf6+ Rxf6
17.h3 Rg6 18.Kh2 Kh8 19.e4 Nd4 20.Ne3 c6 21.Bc3 Qe8 22.Bxd4 Bxd4 23.Nxf5 Bxf5
24.exf5 g3+ 25.Kh1 Rg7 26.Qf3 Re7 27.Qg4 Bf6 28.Qg6 Qxg6 29.fxg6 Re3 30.Be4 Kg7
31.b4 a4 32.b5 d5 33.cxd5 cxd5 34.Bxd5 Re2 35.Bg2 Bb2 36.f5 Kf6 37.d4 Bxd4
38.Rb4 Rd8 39.Rxa4 Rc2 40.Rxd4 Rxd4 41.Bxb7 Rh2+ 42.Kg1 Rxh3 43.b6 Rh2 44.Rc1 h3
45.Bf3 Rb2 46.b7 Rf4 47.Bc6 Rc4

[Event "9th EUROPEAN  INDIVIDUAL  WOME"]
[Site "Plovdiv, Bulgaria"]
[Date "2008.04.25"]
[Round "5"]
[Board "1"]
[White "Efroimski, Marsel"]
[Black "Mijovic, Aleksandra"]
[Result "1/2-1/2"]
[WhiteElo "2081"]
[BlackElo "2222"]
[PlyCount "92"]
[EventDate "2008.04.21"]
[EventRounds "11"]
[EventCountry "BUL"]

1.e4 c5 2.Nf3 e6 3.d4 cxd4 4.Nxd4 Nf6 5.Nc3 d6 6.g4 h6 7.h4 Nc6 8.Rg1 d5 9.Bb5
Bd7 10.exd5 Nxd5 11.Nxd5 exd5 12.g5 Bc5 13.Qe2+ Qe7 14.Nb3 O-O-O 15.Qxe7 Bxe7
16.Be3 hxg5 17.hxg5 d4 18.Bd2 Rh2 19.Nc1 Ne5 20.Be2 Bd6 21.Nb3 Re8 22.O-O-O d3
23.Bxd3 Nxd3+ 24.cxd3 Rxf2 25.Bc3 Bh2 26.Rgf1 Bf4+ 27.Kb1 Rxf1 28.Rxf1 Bxg5
29.Rxf7 g6 30.Nc5 Bf5 31.Nxb7 Bxd3+ 32.Ka1 Be7 33.Na5 Be4 34.b4 g5 35.Rg7 Bf3
36.Nc4 g4 37.a3 Be2 38.Na5 Bd6 39.Nc6 Re3 40.Nxa7+ Kd8 41.Nc6+ Ke8 42.Kb2 Bf3
43.Nd4 Be5 44.Re7+ Kxe7 45.Nf5+ Ke6 46.Nxe3 g3

[Event "9th EUROPEAN  INDIVIDUAL  WOME"]
[Site "Plovdiv, Bulgaria"]
[Date "2008.04.25"]
[Round "5"]
[Board "1"]
[White "Videnova, Iva"]
[Black "Paikidze, Nazi"]
[Result "1-0"]
[WhiteElo "2178"]
[BlackElo "2347"]
[PlyCount "95"]
[EventDate "2008.04.21"]
[EventRounds "11"]
[EventCountry "BUL"]

1.e4 c5 2.Nf3 d6 3.d4 cxd4 4.Nxd4 Nf6 5.Nc3 a6 6.Bg5 e6 7.f4 Be7 8.Qf3 Qc7
9.O-O-O Nbd7 10.Bd3 h6 11.Bh4 g5 12.fxg5 Ne5 13.Qe2 Nfg4 14.h3 hxg5 15.Bg3 Nf6
16.Nf3 Nh5 17.Bh2 Bd7 18.Qe3 f6 19.g4 Ng7 20.Nd4 O-O-O 21.Be2 Rh6 22.Nf5
{Diagram #} Nxf5 23.gxf5 Qc5 24.Qxc5+ dxc5 25.Bxe5 fxe5 26.Bg4 Rdh8 27.Rhf1 b5
28.Rd2 b4 29.Ne2 Bb5 30.fxe6 Bxe2 31.Rxe2 Rf6 32.Rxf6 Bxf6 33.Rf2 Be7 34.Rf5 Kc7
35.Rxe5 Kc6 36.Rd5 Rd8 37.Rd7 Rxd7 38.exd7 Kd6 39.Kd2 Ke5 40.Bf5 c4 41.c3 b3
42.axb3 cxb3 43.Kd3 a5 44.Kc4 a4 45.d8=Q Bxd8 46.Kb4 Ba5+ 47.Ka3 Kf4 48.c4

[Event "9th EUROPEAN  INDIVIDUAL  WOME"]
[Site "Plovdiv, Bulgaria"]
[Date "2008.04.25"]
[Round "5"]
[Board "1"]
[White "Grapsa, Georgia"]
[Black "Klinova, Masha"]
[Result "0-1"]
[WhiteElo "2098"]
[BlackElo "2318"]
[PlyCount "68"]
[EventDate "2008.04.21"]
[EventRounds "11"]
[EventCountry "BUL"]

1.d4 d6 2.c4 e5 3.Nf3 e4 4.Ng5 f5 5.Nc3 Be7 6.Nd5 Nf6 7.Nxe7 Qxe7 8.Qb3 Nc6
9.Qc3 O-O 10.g3 Bd7 11.Bg2 h6 12.Nh3 Qf7 13.O-O Rae8 14.f3 Re7 15.Be3 Qe8
16.Rae1 Kh7 17.Nf2 d5 18.b3 Be6 19.Bc1 Rd7 20.Ba3 Rff7 21.fxe4 fxe4 22.cxd5 Bxd5
23.e3 Nd8 24.Qc2 c6 25.Bh3 Ne6 26.Bf5+ Kh8 27.Nxe4 Nxe4 28.Bxe4 Ng5 29.Bf5 Rxf5
30.Rxf5 Be4 31.Qc5 Nh3+ 32.Kf1 Bxf5 33.Ke2 Qe4 34.Qc3 Qg2+

[Event "9th EUROPEAN  INDIVIDUAL  WOME"]
[Site "Plovdiv, Bulgaria"]
[Date "2008.04.25"]
[Round "5"]
[Board "1"]
[White "Foisor, Mihaela Veronica"]
[Black "Rudolf, Anna"]
[Result "0-1"]
[WhiteElo "2088"]
[BlackElo "2302"]
[PlyCount "106"]
[EventDate "2008.04.21"]
[EventRounds "11"]
[EventCountry "BUL"]

1.d4 e6 2.c4 Nf6 3.Nc3 Bb4 4.e3 O-O 5.a3 Bxc3+ 6.bxc3 b6 7.Bd3 Bb7 8.f3 d6 9.Ne2
Nc6 10.e4 Nd7 11.O-O e5 12.f4 Qe7 13.Ng3 g6 14.Be3 f6 15.Qg4 Kh8 16.f5 g5 17.h4
gxh4 18.Qxh4 Nd8 19.Kf2 Nf7 20.Rh1 Ng5 21.d5 Nc5 22.Bc2 Rf7 23.Nh5 Rg8 24.Rh2
Ba6 25.Rah1 Bxc4 26.Bxg5 Rxg5 27.Rh3 a5 28.Rg3 Rxg3 29.Nxg3 Qf8 30.Qh5 Bb5
31.Rh4 Be8 32.Rg4 Rg7 33.Qh6 Kg8 34.Qh4 Rxg4 35.Qxg4+ Qg7 36.Qxg7+ Kxg7 37.Ke3
Kh6 38.Bd1 Kg5 39.Be2 Kh4 40.Nf1 Ba4 41.g3+ Kh3 42.g4 Bc2 43.Nd2 h6 44.Kf3 Nd3
45.Ke3 Nf4 46.Bf3 Kh4 47.Nf1 Nh3 48.Nd2 Ng1 49.Bg2 Kg3 50.Bf1 Kxg4 51.Bb5 Nh3
52.Be2+ Kh4 53.a4 Bxa4

[Event "9th EUROPEAN  INDIVIDUAL  WOME"]
[Site "Plovdiv, Bulgaria"]
[Date "2008.04.25"]
[Round "5"]
[Board "1"]
[White "Levushkina, Elena"]
[Black "Bensdorp, Laura"]
[Result "1-0"]
[WhiteElo "2291"]
[BlackElo "2085"]
[PlyCount "67"]
[EventDate "2008.04.21"]
[EventRounds "11"]
[EventCountry "BUL"]

1.e4 d5 2.exd5 Qxd5 3.Nc3 Qa5 4.d4 Nf6 5.Bd2 Bg4 6.f3 Bf5 7.g4 Bg6 8.f4 e6 9.f5
exf5 10.Qe2+ Kd8 11.g5 Nfd7 12.Bg2 Nc6 13.Nf3 Bb4 14.O-O Re8 15.Qf2 Ne7 16.a3
Bxc3 17.Bxc3 Qb6 18.Nd2 c6 19.Bb4 Qc7 20.Nc4 Nc8 21.Rfe1 Rxe1+ 22.Rxe1 a5 23.Qe3
f6 24.Qe6 Qf4 25.Bxa5+ Rxa5 26.Nxa5 Qxd4+ 27.Kh1 Qxb2 28.Rd1 Be8 29.gxf6 gxf6
30.Bxc6 bxc6 31.Nxc6+ Kc7 32.Qxe8 Ncb6 33.Nd4 Qa2 34.Qe6

[Event "9th EUROPEAN  INDIVIDUAL  WOME"]
[Site "Plovdiv, Bulgaria"]
[Date "2008.04.25"]
[Round "5"]
[Board "1"]
[White "Vladimirova, Maria"]
[Black "Ivkina, Olga"]
[Result "1-0"]
[WhiteElo "1976"]
[BlackElo "2278"]
[PlyCount "65"]
[EventDate "2008.04.21"]
[EventRounds "11"]
[EventCountry "BUL"]

1.e4 e6 2.Nf3 d5 3.Nc3 d4 4.Ne2 c5 5.c3 Nc6 6.cxd4 cxd4 7.Qa4 Bc5 8.b4 Bxb4
9.Nexd4 Qa5 10.Bb5 Qxa4 11.Bxa4 Nge7 12.Rb1 Bd6 13.Nxc6 bxc6 14.Nd4 Kd7 15.d3
Ba6 16.Ke2 f5 17.exf5 e5 18.Nc2 e4 19.Nb4 Bxb4 20.Rxb4 exd3+ 21.Kd1 Nxf5 22.Bf4
g5 23.Be5 Rhe8 24.Re1 Re7 25.g4 Rae8 26.f4 Nd6 27.Rd4 Re6 28.Bb3 Rh6 29.fxg5 Rg6
30.Bf7 Rxe5 31.Rxe5 Kc7 32.Bxg6 hxg6 33.Re7+